| 000 | 00482cam a2200169 a 4500 | ||
|---|---|---|---|
| 020 | _a0444989366 (Elsevier) : | ||
| 040 | _cDLC | ||
| 082 | 0 | 0 | _a631 ELS 1987 A106 Or. |
| 100 | 1 | _aKumada, Kyōichi, | |
| 245 | 1 | 0 | _aChemistry of soil organic matter / |
| 260 |
_aTokyo : _bJapan Scientific Societies Press ; _aAmsterdam ; _aNew York : _bElsevier, _c1987. |
||
| 300 |
_axi, 241 p. : _bill. ; _c24 cm. |
||
| 500 | _aIncludes index. | ||
| 650 | 0 | _aHumus. | |
| 650 | 0 | _aSoils | |
| 942 | _cEK | ||
| 999 |
_c16530 _d16530 |
||